[Event "Politiken Cup 2007"]
[Site "Helsingor"]
[Date "2007.07.28"]
[Round "9.68"]
[White "Pedersen, Dimon Paul"]
[Black "Ringoir, Guy"]
[Result "1-0"]
[WhiteElo "2092"]
[BlackElo "1938"]
[PlyCount "39"]
[EventDate "2007.??.??"]

1. c4 e5 2. g3 Nc6 3. Bg2 f5 4. Nc3 Nf6 5. d3 Bb4 6. Bd2 Bxc3 7. Bxc3 d6 8. Nf3
O-O 9. O-O Qe8 10. Qd2 h6 11. b4 Qh5 12. b5 Ne7 13. c5 f4 14. cxd6 cxd6 15.
Rac1 Bh3 16. Bb4 Ng4 17. Bxh3 Qxh3 18. Bxd6 fxg3 19. fxg3 Rxf3 20. exf3 1-0

[Event "Politiken Cup 2007"]
[Site "Helsingor"]
[Date "2007.07.28"]
[Round "9.69"]
[White "Carnstam, Tomas"]
[Black "Karlsson, Patrik"]
[Result "1-0"]
[WhiteElo "2091"]
[BlackElo "1934"]
[PlyCount "99"]
[EventDate "2007.??.??"]

1. c4 f5 2. Nc3 Nf6 3. g3 e6 4. Bg2 Be7 5. d3 O-O 6. Nh3 d6 7. O-O c6 8. e4
fxe4 9. dxe4 e5 10. Qb3 Kh8 11. f4 Na6 12. f5 d5 13. cxd5 Nc5 14. Qd1 cxd5 15.
exd5 Qb6 16. Kh1 Bd6 17. Ng5 Bd7 18. Ne6 Nxe6 19. fxe6 Be8 20. Qb3 Qa6 21. Bg5
Bg6 22. Bxf6 Rxf6 23. Rxf6 gxf6 24. Nb5 Rc8 25. Nxd6 Qxd6 26. Qxb7 Rc7 27. Qb3
Rc2 28. Qa3 Qb8 29. Qf3 Kg7 30. Rf1 f5 31. b3 Qb4 32. Qe3 Kf6 33. Re1 e4 34. a3
Qxa3 35. Qd4+ Kg5 36. h4+ Kh6 37. Qe3+ Kg7 38. Qd4+ Kh6 39. d6 Qa2 40. Qe3+ Kg7
41. Rg1 Rd2 42. Qc3+ Kh6 43. Ra1 Rd3 44. Rxa2 Rxc3 45. d7 Rd3 46. Bf1 Rd1 47.
Kg2 e3 48. Be2 Rd6 49. h5 Bxh5 50. Bxh5 1-0

[Event "Politiken Cup 2007"]
[Site "Helsingor"]
[Date "2007.07.28"]
[Round "9.70"]
[White "Nurmi, Timo"]
[Black "Hirneise, Jens"]
[Result "1/2-1/2"]
[WhiteElo "2008"]
[BlackElo "2090"]
[PlyCount "84"]
[EventDate "2007.??.??"]

1. d4 Nf6 2. Nf3 g6 3. Bg5 Bg7 4. Nbd2 c5 5. Bxf6 Bxf6 6. Ne4 Bxd4 7. Nxd4 cxd4
8. Qxd4 O-O 9. O-O-O Nc6 10. Qd2 d5 11. Qxd5 Qc7 12. e3 Rd8 13. Qc5 Rxd1+ 14.
Kxd1 Bf5 15. Bd3 b6 16. Qc3 a5 17. f3 Qb7 18. a3 Rc8 19. Qd2 Ne5 20. Ke2 Qc6
21. Rd1 Bxe4 22. fxe4 Qa4 23. Rc1 Qc6 24. h3 b5 25. Rd1 f5 26. Qxa5 Nxd3 27.
Rxd3 Qxe4 28. Rd8+ Rxd8 29. Qxd8+ Kf7 30. Kf1 Qxe3 31. Qd5+ Kf6 32. Qxb5 Qc1+
33. Kf2 Qxc2+ 34. Kg1 Qc1+ 35. Kf2 Qd2+ 36. Kf1 Qc1+ 37. Kf2 f4 38. Qb6+ Kf5
39. Qb5+ Kf6 40. Qb6+ Kf5 41. Qb5+ e5 42. Qd3+ e4 1/2-1/2

[Event "Politiken Cup 2007"]
[Site "Helsingor"]
[Date "2007.07.28"]
[Round "9.72"]
[White "Jorgensen, Kasper Moller"]
[Black "Andersen, Lars Rene"]
[Result "1-0"]
[WhiteElo "1954"]
[BlackElo "2081"]
[PlyCount "101"]
[EventDate "2007.??.??"]

1. e4 c5 2. c3 e6 3. d4 cxd4 4. cxd4 Nf6 5. Nc3 d5 6. e5 Nfd7 7. Be3 Nc6 8. f4
a6 9. Nf3 Qb6 10. Qd2 Bb4 11. Bd3 g6 12. O-O f6 13. Qf2 f5 14. Kh1 Be7 15. Rg1
h5 16. a3 Nf8 17. b4 Na7 18. Na4 Qd8 19. Nc5 Nb5 20. Rgc1 b6 21. Nb3 Bb7 22.
Qb2 Nh7 23. Rc2 Na7 24. Rac1 Rc8 25. g3 Rxc2 26. Qxc2 Kd7 27. h4 Qb8 28. Qe2 b5
29. Nc5+ Bxc5 30. bxc5 Bc6 31. Bd2 Qb7 32. Rb1 Rb8 33. Ba5 Nc8 34. a4 Ke7 35.
Qa2 Qd7 36. Ne1 Ra8 37. axb5 axb5 38. Qd2 Ra6 39. Qb4 Na7 40. Nc2 Nf8 41. Qa3
Nc8 42. Bd8+ Kxd8 43. Qxa6 g5 44. fxg5 Ng6 45. Qa5+ Ke7 46. Bxb5 Na7 47. Bxc6
Nxc6 48. Qa8 Nd8 49. Rb8 f4 50. Nb4 Ke8 51. Nc6 1-0

[Event "Politiken Cup 2007"]
[Site "Helsingor"]
[Date "2007.07.28"]
[Round "9.73"]
[White "Strand, Kjetil"]
[Black "Almer, Julia"]
[Result "1-0"]
[WhiteElo "2081"]
[BlackElo "1932"]
[PlyCount "83"]
[EventDate "2007.??.??"]

1. e4 e5 2. Nf3 Nc6 3. d4 exd4 4. Bc4 Nf6 5. O-O Nxe4 6. Re1 d5 7. Bxd5 Qxd5 8.
Nc3 Qa5 9. Nxe4 Be6 10. Neg5 O-O-O 11. Nxe6 fxe6 12. Rxe6 Qf5 13. Qe2 d3 14.
cxd3 Qxd3 15. Bg5 Qxe2 16. Rxe2 Rd5 17. Re8+ Kd7 18. Ra8 Ke6 19. Kf1 h6 20. Bd2
Rd8 21. Rxd8 Nxd8 22. Re1+ Kf7 23. Ne5+ Kf6 24. Bc3 Bd6 25. Nc6+ Kf7 26. Nxa7
Ne6 27. Nb5 Be7 28. Nd4 Nxd4 29. Bxd4 Bf6 30. Bxf6 Kxf6 31. Rd1 Ke6 32. Rd3 Ra8
33. a3 c6 34. Ke2 Rf8 35. h4 Rf5 36. Re3+ Kf6 37. Rf3 Rxf3 38. Kxf3 Kf5 39. g4+
Ke5 40. Ke3 c5 41. b3 Kd5 42. f4 1-0

[Event "Politiken Cup 2007"]
[Site "Helsingor"]
[Date "2007.07.28"]
[Round "9.74"]
[White "Orndahl, Markus"]
[Black "Viljanen, Jouko"]
[Result "1-0"]
[WhiteElo "2078"]
[BlackElo "1917"]
[PlyCount "45"]
[EventDate "2007.??.??"]

1. e4 c5 2. Nf3 d6 3. d4 cxd4 4. Nxd4 Nf6 5. Nc3 a6 6. Bc4 e6 7. Bb3 Nbd7 8. f4
Nc5 9. f5 Nxb3 10. axb3 e5 11. Nde2 Qb6 12. Ng3 Bd7 13. Qf3 Bc6 14. Be3 Qd8 15.
Bg5 Be7 16. Bxf6 Bxf6 17. O-O O-O 18. Kh1 Qb6 19. Nh5 Kh8 20. Rad1 Rad8 21. Rd3
Bb5 22. Nd5 Qa7 23. c4 1-0

[Event "Politiken Cup 2007"]
[Site "Helsingor"]
[Date "2007.07.28"]
[Round "9.75"]
[White "Ziska, Andrias"]
[Black "Lubbers, Johan"]
[Result "0-1"]
[WhiteElo "1901"]
[BlackElo "2077"]
[PlyCount "30"]
[EventDate "2007.??.??"]

1. e4 c5 2. Nf3 d6 3. d4 cxd4 4. Nxd4 Nf6 5. Nc3 g6 6. Be3 Bg7 7. f3 O-O 8. Qd2
Nc6 9. g4 Bd7 10. h4 Ne5 11. h5 Qa5 12. Nb3 Nxf3+ 13. Kd1 Nxd2 14. Nxa5 Nxf1
15. Rxf1 Bxg4+ 0-1

[Event "Politiken Cup 2007"]
[Site "Helsingor"]
[Date "2007.07.28"]
[Round "9.76"]
[White "Hensbergen, Willem"]
[Black "Rasmussen, Henning"]
[Result "1/2-1/2"]
[WhiteElo "2076"]
[BlackElo "1902"]
[PlyCount "43"]
[EventDate "2007.??.??"]

1. d4 Nf6 2. c4 c5 3. d5 b5 4. cxb5 a6 5. f3 d6 6. e4 g6 7. a4 Bg7 8. Na3 O-O
9. Ne2 axb5 10. Nxb5 Na6 11. Nec3 Nc7 12. Be2 Nxb5 13. Nxb5 Ne8 14. O-O Nc7 15.
Qc2 Nxb5 16. Bxb5 Ba6 17. Bg5 Bd4+ 18. Kh1 Bxb5 19. axb5 f6 20. Bh6 Re8 21. Ra3
Qb6 22. Qb3 1/2-1/2

[Event "Politiken Cup 2007"]
[Site "Helsingor"]
[Date "2007.07.28"]
[Round "9.77"]
[White "Minguez Greciano, Iluminada"]
[Black "Andersen, Mads"]
[Result "0-1"]
[WhiteElo "1861"]
[BlackElo "2070"]
[PlyCount "56"]
[EventDate "2007.??.??"]

1. c4 Nf6 2. g3 e6 3. Bg2 d5 4. cxd5 exd5 5. d4 Bd6 6. Nc3 c6 7. Nf3 O-O 8. O-O
Re8 9. Re1 h6 10. Qc2 Nbd7 11. a3 Nf8 12. Na4 Ne4 13. Nd2 Bf5 14. Nxe4 dxe4 15.
e3 Bg6 16. Bd2 a5 17. Rab1 Nh7 18. h4 Nf6 19. Rf1 Bh5 20. Nc3 Qe7 21. Be1 g5
22. hxg5 hxg5 23. Nd1 Bf3 24. Bxf3 exf3 25. Qf5 g4 26. Kh2 Qe4 27. Qg5+ Kf8 28.
Nc3 Qh7+ 0-1

[Event "Politiken Cup 2007"]
[Site "Helsingor"]
[Date "2007.07.28"]
[Round "9.78"]
[White "Mathiesen, Erik"]
[Black "Søndergaard, Thomas"]
[Result "0-1"]
[WhiteElo "2060"]
[BlackElo "1778"]
[PlyCount "142"]
[EventDate "2007.??.??"]

1. Nf3 Nf6 2. g3 g6 3. d4 Bg7 4. c4 d6 5. Bg2 Nbd7 6. Nc3 O-O 7. O-O e5 8. dxe5
dxe5 9. Qc2 c6 10. Rd1 Qc7 11. b3 Re8 12. Ba3 e4 13. Bd6 Qa5 14. Nd4 Qh5 15.
Nxe4 Nxe4 16. Bxe4 Nf6 17. Bg2 Ng4 18. h3 Nh6 19. g4 Qa5 20. Rac1 f5 21. g5 Nf7
22. Bf4 Qc5 23. e3 a5 24. a4 Qe7 25. h4 Ne5 26. Rd2 Ng4 27. Re1 h6 28. f3 Ne5
29. gxh6 Qxh4 30. Rde2 Bxh6 31. Bxh6 Qxh6 32. Rf2 Bd7 33. f4 Ng4 34. Rf3 Qh4
35. Qd2 Qf6 36. Rh3 Rad8 37. Qc1 Kg7 38. Nf3 Rh8 39. Rxh8 Rxh8 40. Ng5 Re8 41.
Qd2 Bc8 42. Bf3 Rd8 43. Qc2 Ne5 44. Rd1 Rxd1+ 45. Bxd1 Nf7 46. Nf3 c5 47. Qd2
b6 48. Ne1 Qd6 49. Qb2+ Qf6 50. Qd2 Qd6 51. Qc2 Bb7 52. Bf3 Bxf3 53. Nxf3 Qf6
54. Kg2 g5 55. Ng1 g4 56. Kg3 Nd6 57. Kg2 Ne4 58. Qd3 Kg6 59. Kf1 Qa1+ 60. Kg2
Qe1 61. Qe2 Qg3+ 62. Kf1 Qh4 63. Qb2 Qh1 64. Qg2 Qh8 65. Qc2 Qa1+ 66. Kg2 Qe1
67. Qe2 Qc3 68. Nf3 gxf3+ 69. Kxf3 Qd2 70. Qf1 Qh2 71. b4 Nd2# 0-1

[Event "Politiken Cup 2007"]
[Site "Helsingor"]
[Date "2007.07.28"]
[Round "9.80"]
[White "Sihvonen, Tero"]
[Black "Motzkus, Mikkel"]
[Result "0-1"]
[WhiteElo "2056"]
[BlackElo "1839"]
[PlyCount "155"]
[EventDate "2007.??.??"]

1. e4 c6 2. Nc3 d5 3. exd5 cxd5 4. Nf3 Nf6 5. d4 Bf5 6. Ne5 a6 7. Ne2 h6 8. c3
e6 9. Ng3 Bh7 10. Bd3 Bxd3 11. Qxd3 Nbd7 12. f4 Nxe5 13. fxe5 Nd7 14. O-O Be7
15. Nh5 Bf8 16. Nf4 Qb6 17. a4 Nxe5 18. Qe2 Nd7 19. Nxd5 Qc6 20. Ne3 Nf6 21.
Nc4 Be7 22. Ne5 Qd5 23. Qf2 O-O 24. Be3 b5 25. Qe2 Bd6 26. Bxh6 Bxe5 27. dxe5
Qe4 28. Qxe4 Nxe4 29. Be3 Rad8 30. axb5 axb5 31. Rfd1 Rxd1+ 32. Rxd1 Ra8 33.
Kf1 Rb8 34. Ke2 b4 35. c4 b3 36. Kf3 f5 37. exf6 Nxf6 38. Bg5 Rb4 39. Bxf6 gxf6
40. Rc1 Kf7 41. c5 Ke7 42. g4 Kd7 43. c6+ Kc7 44. Rc3 f5 45. h3 e5 46. g5 Rf4+
47. Kg3 Rf1 48. Kg2 Rd1 49. g6 Rd2+ 50. Kf3 Rd6 51. Rxb3 Rxg6 52. Rc3 Rh6 53.
Ke2 e4 54. b4 f4 55. b5 f3+ 56. Kf1 Rh8 57. h4 Rb8 58. Rc5 e3 59. Rf5 f2 60.
Ke2 Re8 61. h5 Kb6 62. h6 Rh8 63. Rf6 Kxb5 64. c7 Kc5 65. h7 Kd5 66. Rg6 Rf8
67. Rg5+ Kd6 68. c8=N+ Rxc8 69. Rg8 Rc2+ 70. Kxe3 f1=Q 71. Rd8+ Ke7 72. Re8+
Kxe8 73. h8=Q+ Qf8 74. Qh5+ Qf7 75. Qh8+ Ke7 76. Qh4+ Kd6 77. Qd4+ Qd5 78. Qb6+
0-1

[Event "Politiken Cup 2007"]
[Site "Helsingor"]
[Date "2007.07.28"]
[Round "9.81"]
[White "Akdag, Dara"]
[Black "Wilhelm, Holger"]
[Result "1-0"]
[WhiteElo "2053"]
[BlackElo "1690"]
[PlyCount "97"]
[EventDate "2007.??.??"]

1. d4 d5 2. c4 Nf6 3. Nc3 c6 4. Nf3 e6 5. g3 Bb4 6. Qb3 Qb6 7. a3 Bxc3+ 8. Qxc3
Nbd7 9. Bg2 O-O 10. O-O Re8 11. b4 Nf8 12. Bb2 Bd7 13. Rfe1 Rec8 14. Nd2 Ng6
15. e4 a5 16. e5 Ne8 17. c5 Qd8 18. a4 axb4 19. Qxb4 Qa5 20. Qxa5 Rxa5 21. Bc3
Ra7 22. Reb1 Rca8 23. a5 Nc7 24. Bf1 Bc8 25. Ra2 h6 26. Rba1 Na6 27. Bd3 Nf8
28. Nf1 Nd7 29. Ne3 Kf8 30. f4 Ke7 31. f5 Nf8 32. g4 Bd7 33. Rf2 Rb8 34. Raf1
Be8 35. fxe6 Nxe6 36. Nf5+ Kf8 37. Nd6 Nd8 38. Bg6 Bd7 39. Bxf7 Ke7 40. Bh5 Be6
41. Nf5+ Bxf5 42. gxf5 Nc7 43. f6+ gxf6 44. exf6+ Kf8 45. f7 Nce6 46. Rf6 Ng5
47. Bd2 Nde6 48. Rxh6 Raa8 49. Rg6 1-0

[Event "Politiken Cup 2007"]
[Site "Helsingor"]
[Date "2007.07.28"]
[Round "9.82"]
[White "Cannon, Raymond C"]
[Black "Rostgaard, Tobias Valentin"]
[Result "1-0"]
[WhiteElo "2050"]
[BlackElo "1656"]
[PlyCount "65"]
[EventDate "2007.??.??"]

1. e4 c5 2. Nf3 Nc6 3. d4 cxd4 4. Nxd4 Nf6 5. Nc3 e5 6. Ndb5 d6 7. Nd5 Nxd5 8.
exd5 Nb8 9. c4 Be7 10. Bd3 O-O 11. O-O Nd7 12. Qc2 h6 13. f4 a6 14. Nc3 b6 15.
Be3 Bb7 16. Qf2 Bf6 17. Ne4 Nc5 18. Nxc5 bxc5 19. fxe5 Bxe5 20. Qf5 g6 21. Qh3
h5 22. Rab1 Bc8 23. Qf3 Bg4 24. Qf2 a5 25. b3 Ra7 26. Kh1 h4 27. Rbe1 g5 28.
Bxc5 Rb7 29. Rxe5 dxe5 30. Bxf8 Kxf8 31. h3 Bh5 32. Qf5 Bg6 33. Qxg6 1-0

[Event "Politiken Cup 2007"]
[Site "Helsingor"]
[Date "2007.07.28"]
[Round "9.83"]
[White "Rolvaag, Birk Anders"]
[Black "Thomassen, Thomas"]
[Result "0-1"]
[WhiteElo "1320"]
[BlackElo "2047"]
[PlyCount "62"]
[EventDate "2007.??.??"]

1. e4 c6 2. d3 d5 3. Nd2 Nf6 4. Ngf3 Bg4 5. Be2 e6 6. O-O Be7 7. b3 O-O 8. Bb2
c5 9. Re1 Nc6 10. exd5 Nxd5 11. Qc1 f6 12. Ne4 e5 13. h3 Bh5 14. Ng3 Bf7 15.
Nh2 Nf4 16. Bf3 Qd7 17. Ng4 Nd4 18. Be4 h5 19. Bxd4 cxd4 20. Nh2 Bb4 21. Bf5
Qc7 22. Re4 g6 23. Nxh5 gxf5 24. Nxf4 fxe4 25. Ne2 exd3 26. Qh6 dxe2 27. Ng4
Be6 28. Qg6+ Qg7 29. Nh6+ Kh8 30. Qh5 Qh7 31. Nf7+ Bxf7 0-1

[Event "Politiken Cup 2007"]
[Site "Helsingor"]
[Date "2007.07.28"]
[Round "9.84"]
[White "Petersen, Nils"]
[Black "Suntharalingam, Jathavan"]
[Result "1/2-1/2"]
[WhiteElo "2026"]
[BlackElo "1540"]
[PlyCount "136"]
[EventDate "2007.??.??"]

1. c4 c6 2. e4 e5 3. Nf3 d6 4. d4 Qc7 5. Be3 Nf6 6. Nc3 Bg4 7. Be2 a6 8. O-O
Be7 9. Nd2 Bxe2 10. Nxe2 Nbd7 11. Rc1 O-O 12. Ng3 Rfe8 13. f4 Bf8 14. fxe5 dxe5
15. d5 Bc5 16. Bxc5 Nxc5 17. Rxf6 gxf6 18. Nf5 Red8 19. Qg4+ Kf8 20. Qg7+ Ke8
21. Qxf6 Nd3 22. Ng7+ Kd7 23. Qxf7+ Kc8 24. Qxc7+ Kxc7 25. Ne6+ Kd7 26. Rc3 Nf4
27. Nxf4 exf4 28. Rh3 Rh8 29. e5 cxd5 30. cxd5 Rac8 31. Rd3 Rc2 32. e6+ Kd6 33.
a3 b5 34. b4 Rg8 35. Kf1 h5 36. Ne4+ Ke5 37. Nf2 Rgc8 38. Rd1 h4 39. h3 R2c4
40. Ke2 Rc2+ 41. Kf1 R2c4 42. Ke2 Kd6 43. Rd3 Rg8 44. Ng4 Rg5 45. Kf3 Rc7 46.
Ke4 Rc4+ 47. Kf3 Rc8 48. Ke4 Rf8 49. Rd2 Rh5 50. Rd3 Rff5 51. Rd2 Rf8 52. Rd3
Rhf5 53. Kf3 Ke7 54. Nf2 Rd8 55. Ke4 Rg5 56. Ng4 Rh5 57. Ne5 Rg8 58. Rc3 Rxg2
59. Rc7+ Kf8 60. e7+ Ke8 61. Nc6 Re2+ 62. Kxf4 Rxd5 63. Rc8+ Kd7 64. Rd8+ Kxc6
65. e8=Q+ Rxe8 66. Rxe8 Rd3 67. Re3 Rd4+ 68. Ke5 Rd5+ 1/2-1/2

[Event "Politiken Cup 2007"]
[Site "Helsingor"]
[Date "2007.07.28"]
[Round "9.85"]
[White "Jensen, Mads"]
[Black "Schultz-Pedersen, Jesper"]
[Result "0-1"]
[WhiteElo "1851"]
[BlackElo "2204"]
[PlyCount "62"]
[EventDate "2007.??.??"]

1. d4 d5 2. c4 e5 3. e3 exd4 4. Qxd4 Nc6 5. Qxd5 Be6 6. Qxd8+ Rxd8 7. a3 Nf6 8.
Nd2 g6 9. b3 Bg7 10. Bb2 Rxd2 11. Kxd2 Ne4+ 12. Ke1 Bxb2 13. Ra2 Bc3+ 14. Ke2
Nc5 15. Rc2 Bf6 16. b4 Bf5 17. Rc1 Nb3 18. Rd1 Bc2 19. Rd5 Ne5 20. f4 Nxc4 21.
Kf2 c6 22. Bxc4 cxd5 23. Bxd5 b6 24. Nf3 O-O 25. Ne1 Rc8 26. e4 Nd4 27. g4 Ne6
28. e5 Be7 29. Nf3 Nxf4 30. Ba2 Be4 31. Bxf7+ Kxf7 0-1

[Event "Politiken Cup 2007"]
[Site "Helsingor"]
[Date "2007.07.28"]
[Round "9.86"]
[White "Flindt, Thomas"]
[Black "Oskarsson, Aron Ingi"]
[Result "1-0"]
[WhiteElo "2196"]
[BlackElo "1871"]
[PlyCount "111"]
[EventDate "2007.??.??"]

1. d4 d5 2. e4 dxe4 3. Nc3 Nf6 4. f3 exf3 5. Nxf3 Bg4 6. h3 Bh5 7. g4 Bg6 8.
Ne5 e6 9. Bg2 Nd5 10. O-O Be7 11. Nxg6 hxg6 12. Nxd5 exd5 13. Qf3 O-O 14. Qxd5
Qxd5 15. Bxd5 c6 16. Bb3 Nd7 17. Bd2 Nb6 18. Rae1 Rae8 19. Rf3 Bf6 20. c3 Rxe1+
21. Bxe1 Re8 22. Bg3 Nd5 23. Bxd5 cxd5 24. Kf2 Re6 25. Re3 Rxe3 26. Kxe3 Kf8
27. b3 b5 28. Kd3 Ke8 29. Be5 Ke7 30. Bxf6+ Kxf6 31. c4 bxc4+ 32. bxc4 dxc4+
33. Kxc4 Ke6 34. Kc5 f5 35. gxf5+ gxf5 36. Kc6 f4 37. d5+ Ke5 38. d6 f3 39. d7
f2 40. d8=Q f1=Q 41. Qe7+ Kd4 42. Qxa7+ Ke4 43. Qe7+ Kd3 44. Qa3+ Kc2 45. Qc5+
Kd1 46. Qd5+ Kc2 47. Qe6 Qf8 48. Kd5 Kb2 49. Ke4 Kc1 50. Ke3 Qa3+ 51. Ke2 Qb2+
52. Kf3 Qb7+ 53. Ke3 Qa7+ 54. Ke2 Qa5 55. Qc4+ Kb1 56. Qb3+ 1-0

[Event "Politiken Cup 2007"]
[Site "Helsingor"]
[Date "2007.07.28"]
[Round "9.87"]
[White "Persson, Borje"]
[Black "Jensen, Michael Agermose"]
[Result "0-1"]
[WhiteElo "1804"]
[BlackElo "2086"]
[PlyCount "64"]
[EventDate "2007.??.??"]

1. e4 c5 2. Nf3 d6 3. d4 cxd4 4. Nxd4 Nf6 5. Nc3 g6 6. Be3 Bg7 7. f3 Nc6 8. Qd2
O-O 9. Bc4 Bd7 10. h4 Qa5 11. O-O-O Ne5 12. Bb3 Rac8 13. Kb1 Nc4 14. Bxc4 Rxc4
15. Nb3 Qc7 16. g4 Rc8 17. Bd4 Be6 18. h5 a5 19. hxg6 a4 20. gxf7+ Bxf7 21. g5
axb3 22. gxf6 Rxd4 23. Qxd4 bxc2+ 24. Kxc2 Bxf6 25. Rdg1+ Kf8 26. Qe3 Qa5 27.
Qh6+ Ke8 28. Qxh7 Qxa2 29. Kd1 Rxc3 30. bxc3 Bb3+ 31. Ke1 Bxc3+ 32. Kf1 Bc4#
0-1

[Event "Politiken Cup 2007"]
[Site "Helsingor"]
[Date "2007.07.28"]
[Round "9.88"]
[White "Nielsen, John Holm"]
[Black "Christensen, Emilie Ellegaard"]
[Result "0-1"]
[WhiteElo "2024"]
[BlackElo "1880"]
[PlyCount "98"]
[EventDate "2007.??.??"]

1. Nc3 d5 2. e4 d4 3. Nce2 e5 4. Ng3 c5 5. Bc4 Bd7 6. Nf3 Nc6 7. O-O Bd6 8. d3
h6 9. c3 Nge7 10. Nh4 Na5 11. cxd4 cxd4 12. Bd2 Nxc4 13. dxc4 O-O 14. Qh5 Kh7
15. Nhf5 Nxf5 16. exf5 Bc6 17. Rae1 Be8 18. Re4 f6 19. Qh3 Rf7 20. Nh5 Bf8 21.
Rh4 Qc7 22. b3 a5 23. Re1 a4 24. Qg3 Rd7 25. Bxh6 Bxh5 26. Bd2 axb3 27. axb3
Ra2 28. Qg6+ Kg8 29. Rxh5 Rxd2 30. Rh7 Bb4 31. Qh5 Kf8 32. Rh8+ Ke7 33. Qe8+
Kd6 34. f4 Re7 35. fxe5+ fxe5 36. Qg8 Rf7 37. Qe8 Rxf5 38. Qg6+ Rf6 39. Qe4 Qe7
40. Rh5 Rdf2 41. Qd5+ Kc7 42. Rhxe5 Qd7 43. Qxd7+ Kxd7 44. Rd1 Rd2 45. Rd5+ Kc7
46. Rf1 Rxf1+ 47. Kxf1 d3 48. h4 Rd1+ 49. Kf2 d2 0-1

[Event "Politiken Cup 2007"]
[Site "Helsingor"]
[Date "2007.07.28"]
[Round "9.89"]
[White "Svendsen, Peter"]
[Black "Brorsen, Jacob Abildlund"]
[Result "1/2-1/2"]
[WhiteElo "2015"]
[BlackElo "1818"]
[PlyCount "129"]
[EventDate "2007.??.??"]

1. Nf3 g6 2. e4 Bg7 3. d4 d6 4. Be3 c6 5. a4 e5 6. dxe5 dxe5 7. Qxd8+ Kxd8 8.
Bc4 f6 9. Nbd2 Bf8 10. O-O Nd7 11. Nb3 Nb6 12. Rfd1+ Kc7 13. Be2 Nh6 14. a5 Nd7
15. Ne1 Nf7 16. Rd2 h5 17. Rad1 Nd8 18. f4 Ne6 19. g3 Ndc5 20. f5 Nxb3 21. cxb3
gxf5 22. Bc4 Bb4 23. Rf2 Ng5 24. Bxg5 fxg5 25. Nd3 Bxa5 26. Rff1 Bb6+ 27. Kg2
Bd4 28. exf5 Bd7 29. Be6 Rad8 30. Bxd7 Rxd7 31. Rde1 Kd6 32. Nf2 Bxf2 33. Rxf2
Re7 34. Rd2+ Kc7 35. Rde2 Rf8 36. Rxe5 Rxe5 37. Rxe5 Kd6 38. Ra5 b6 39. Rxa7
Rxf5 40. Rb7 Rb5 41. Rg7 Re5 42. Rg6+ Kd5 43. Kf3 Kc5 44. h4 gxh4 45. gxh4 Kd5
46. Kf4 Re2 47. Rg5+ Kd4 48. Rg3 c5 49. Rg6 Rxb2 50. Rxb6 c4 51. b4 c3 52. Kg5
Kd3 53. Rd6+ Kc4 54. Kxh5 Rxb4 55. Rd1 c2 56. Rc1 Kd3 57. Kg5 Kd2 58. Rxc2+
Kxc2 59. h5 Kd3 60. h6 Ke4 61. h7 Rb8 62. Kg6 Ke5 63. Kg7 Rb7+ 64. Kg8 Rxh7 65.
Kxh7 1/2-1/2

[Event "Politiken Cup 2007"]
[Site "Helsingor"]
[Date "2007.07.28"]
[Round "9.90"]
[White "Hedler, Robert"]
[Black "Goes, Dirk"]
[Result "0-1"]
[WhiteElo "1800"]
[BlackElo "1987"]
[PlyCount "74"]
[EventDate "2007.??.??"]

1. d4 e6 2. Nf3 b6 3. e4 Bb7 4. Bd3 Nf6 5. Nbd2 d5 6. e5 Nfd7 7. O-O c5 8. c3
Ba6 9. Bxa6 Nxa6 10. Qe2 Nab8 11. Kh1 Nc6 12. a3 a5 13. Rb1 a4 14. Rd1 c4 15.
Nf1 Be7 16. Ng1 Qc7 17. f4 O-O-O 18. Qg4 g6 19. h4 Rdg8 20. Nf3 h6 21. Kg1 Bd8
22. Re1 Ne7 23. Qh3 Nf8 24. g4 g5 25. fxg5 hxg5 26. h5 f5 27. exf6 Neg6 28.
Bxg5 Nf4 29. Qh4 Nd3 30. Ne5 Nxe1 31. Rxe1 Nh7 32. Ng6 Nxf6 33. Bxf6 Rxg6 34.
Bxd8 Qf4 35. Qg3 Rxg4 36. Bh4 Rxh5 37. Rxe6 Rhxh4 0-1

[Event "Politiken Cup 2007"]
[Site "Helsingor"]
[Date "2007.07.28"]
[Round "9.91"]
[White "Mamak, Wojciech"]
[Black "Svane, Rasmus"]
[Result "1-0"]
[WhiteElo "1985"]
[BlackElo "1617"]
[PlyCount "83"]
[EventDate "2007.??.??"]

1. d4 Nf6 2. c4 c5 3. d5 e6 4. Nc3 exd5 5. cxd5 d6 6. Nf3 g6 7. g3 Bg7 8. Bg2
O-O 9. O-O a6 10. a4 Nbd7 11. Nd2 Rb8 12. Nc4 Nb6 13. Nxd6 Bg4 14. h3 Bh5 15.
Bf4 Nfd7 16. Nde4 Rc8 17. Bg5 f6 18. Bf4 g5 19. Bc1 h6 20. Nd6 Rb8 21. Be4 Ne5
22. Nf5 Re8 23. Be3 Rc8 24. d6 Nec4 25. Bxb7 Rb8 26. Bxa6 Nxb2 27. Qb3+ N6c4
28. Bxc4+ Kh8 29. Qa2 Bg6 30. Ne7 Bh5 31. Nc6 Qxd6 32. Nxb8 Rxe3 33. Ne4 Rxe4
34. Qxb2 Rxc4 35. Rfd1 Qe6 36. Kh2 f5 37. Qb1 Bxa1 38. Qxa1+ Kh7 39. Rd8 Bf7
40. Qh8+ Kg6 41. Nd7 Rc2 42. Nf8+ 1-0

[Event "Politiken Cup 2007"]
[Site "Helsingor"]
[Date "2007.07.28"]
[Round "9.92"]
[White "Szalai, Janos"]
[Black "Koskinen, Veikko"]
[Result "1-0"]
[WhiteElo "1784"]
[BlackElo "1977"]
[PlyCount "125"]
[EventDate "2007.??.??"]

1. e4 c6 2. d4 d5 3. exd5 cxd5 4. c4 Nf6 5. Nc3 Nc6 6. Nf3 Bg4 7. Qb3 Bxf3 8.
Qxb7 Nxd4 9. gxf3 Nxf3+ 10. Ke2 Nd4+ 11. Ke1 Qc8 12. Qxc8+ Rxc8 13. cxd5 e6 14.
dxe6 fxe6 15. Ba6 Rd8 16. Kf1 Nc2 17. Rb1 Bc5 18. Bb5+ Kf7 19. Bg5 Nd4 20. Be2
Nf5 21. b4 Be7 22. b5 Rc8 23. Bxf6 gxf6 24. Bh5+ Kg7 25. Ne2 Rc4 26. Rg1+ Kh6
27. Bf7 Ng7 28. Rg3 f5 29. Rh3+ Kg5 30. f4+ Kf6 31. Bh5 Bd6 32. Bf3 h5 33. Rh4
Be7 34. Rc1 Rxc1+ 35. Nxc1 Kg6 36. Rh3 h4 37. Bc6 Nh5 38. Nd3 Rd8 39. Bf3 Ng7
40. Ne5+ Kh7 41. Nc6 Rd7 42. Nxe7 Rxe7 43. Rxh4+ Kg8 44. Bc6 Kf7 45. Rh3 Kf6
46. Kf2 Kg6 47. Re3 Nh5 48. Kf3 Kf7 49. a4 Nf6 50. h3 Rc7 51. Rd3 Ke7 52. Ke3
Rc8 53. Rd4 Rg8 54. Kf2 Rh8 55. Rd3 Rc8 56. Ke3 Rc7 57. Kd2 Rc8 58. a5 Rc7 59.
Rc3 Kd6 60. a6 Nh5 61. Ke3 Nf6 62. Kd4 Rc8 63. b6 1-0

[Event "Politiken Cup 2007"]
[Site "Helsingor"]
[Date "2007.07.28"]
[Round "9.93"]
[White "Traustason, Ingi Tandri"]
[Black "Tuomisto, Keijo"]
[Result "1/2-1/2"]
[WhiteElo "1782"]
[BlackElo "1965"]
[PlyCount "29"]
[EventDate "2007.??.??"]

1. d4 Nf6 2. c4 g6 3. Nc3 Bg7 4. e4 d6 5. f4 O-O 6. Nf3 c6 7. Be2 Bg4 8. Be3
Qa5 9. O-O Nbd7 10. h3 Bxf3 11. Bxf3 e6 12. e5 Ne8 13. Ne4 Qc7 14. b4 d5 15.
cxd5 1/2-1/2

[Event "Politiken Cup 2007"]
[Site "Helsingor"]
[Date "2007.07.28"]
[Round "9.94"]
[White "Nilsson, Ulf"]
[Black "Petersen, Lars"]
[Result "1-0"]
[WhiteElo "1800"]
[BlackElo "1958"]
[PlyCount "97"]
[EventDate "2007.??.??"]

1. d4 Nf6 2. Nf3 g6 3. c4 c5 4. e3 Bg7 5. Be2 O-O 6. O-O b6 7. Nc3 Bb7 8. Qc2
d6 9. b3 Na6 10. a3 Nc7 11. Bb2 a6 12. Rfd1 Bc6 13. Rac1 Qb8 14. d5 Bd7 15. h3
b5 16. e4 b4 17. axb4 Qxb4 18. e5 dxe5 19. Nxe5 Rab8 20. Nb5 Nxb5 21. cxb5 Bxb5
22. Bxb5 Rxb5 23. Nc6 Qxb3 24. Nxe7+ Kh8 25. Qxb3 Rxb3 26. Be5 Nd7 27. Bd6 Bd4
28. Nc6 Re8 29. Nxd4 cxd4 30. Rxd4 Rb5 31. Bf4 Kg7 32. Rc7 Nc5 33. d6 Ne6 34.
d7 Rd8 35. Rc8 Rc5 36. Rxc5 Nxc5 37. Bd6 Ne6 38. Be7 Rb8 39. d8=Q Nxd8 40. Rxd8
Rb1+ 41. Kh2 a5 42. Ra8 Ra1 43. Bb4 Rb1 44. Bxa5 h5 45. Bc3+ Kh6 46. f4 g5 47.
f5 g4 48. h4 g3+ 49. Kxg3 1-0

[Event "Politiken Cup 2007"]
[Site "Helsingor"]
[Date "2007.07.28"]
[Round "9.95"]
[White "Nielsen, Martin Skovso"]
[Black "Hobber, Anders"]
[Result "0-1"]
[WhiteElo "1735"]
[BlackElo "1954"]
[PlyCount "44"]
[EventDate "2007.??.??"]

1. e4 e6 2. d4 d5 3. Nd2 dxe4 4. Nxe4 Nd7 5. Bf4 Ngf6 6. Nxf6+ Nxf6 7. Nf3 Be7
8. Bd3 O-O 9. c3 b6 10. Qc2 Bb7 11. O-O-O Qd5 12. Kb1 c5 13. Rhe1 c4 14. Re5
cxd3 15. Qxd3 Qe4 16. Rxe4 Bxe4 17. Ne1 Bxd3+ 18. Nxd3 Rfd8 19. f3 Bd6 20. Ne5
Nh5 21. g3 Bxe5 22. Bxe5 f6 0-1

[Event "Politiken Cup 2007"]
[Site "Helsingor"]
[Date "2007.07.28"]
[Round "9.97"]
[White "Moustgaard, Alvin"]
[Black "Pieri, Enzo"]
[Result "1-0"]
[WhiteElo "1607"]
[BlackElo "1909"]
[PlyCount "51"]
[EventDate "2007.??.??"]

1. e4 e5 2. f4 exf4 3. Nf3 d6 4. d4 Nc6 5. Bxf4 Be7 6. Bc4 h6 7. Nc3 Nf6 8. O-O
Bg4 9. Qd2 Bh5 10. Rae1 a6 11. e5 dxe5 12. Bxe5 O-O 13. Bf4 Bb4 14. Bxh6 Nxd4
15. Nxd4 gxh6 16. Re3 Bg6 17. Rh3 h5 18. Qf4 Bxc3 19. bxc3 Nd5 20. Qe5 c6 21.
Nf5 f6 22. Qg3 Kf7 23. Rxh5 Bxh5 24. Qg7+ Ke6 25. Re1+ Kxf5 26. Bd3+ 1-0